The oldest Christian people : (Record no. 30811)
[ view plain ]
| 000 -LEADER | |
|---|---|
| fixed length control field | 01084nam a2200205 4500 |
| 008 - FIXED-LENGTH DATA ELEMENTS--GENERAL INFORMATION | |
| fixed length control field | 070210r20061926nyum b a001 0 eng d |
| 020 ## - INTERNATIONAL STANDARD BOOK NUMBER | |
| International Standard Book Number | 1593334079 :USD41.56 |
| 090 ## - LOCALLY ASSIGNED LC-TYPE CALL NUMBER (OCLC); LOCAL CALL NUMBER (OCLC) | |
| Classification number (OCLC) (R) ; Classification number, CALL (RLIN) (NR) | BX153 |
| Local cutter number (OCLC) ; Book number/undivided call number, CALL (RLIN) | Em4o |
| -- | 2006 |
| 100 1# - MAIN ENTRY--PERSONAL NAME | |
| Personal name | Emhardt, William Chauncey, |
| Dates associated with a name | 1874- |
| 245 14 - TITLE STATEMENT | |
| Title | The oldest Christian people : |
| Remainder of title | a brief account of the history and traditions of the Assyrian people and the fateful history of the Nestorian Church / |
| Statement of responsibility, etc | by William Chauncey Emhardt and George M. Lamsa ; introduction by Rt. Rev. John Gardiner Murray. |
| 260 ## - PUBLICATION, DISTRIBUTION, ETC. (IMPRINT) | |
| Place of publication, distribution, etc | Piscataway, N.J. : |
| Name of publisher, distributor, etc | Gorgias Press, |
| Date of publication, distribution, etc | c2006, 1926. |
| 300 ## - PHYSICAL DESCRIPTION | |
| Extent | 141 p. : |
| Other physical details | 1 map. ; |
| Dimensions | 20 cm. |
| 500 ## - GENERAL NOTE | |
| General note | "A facsimile reprint of the original edition published by The Macmillan Co., New York, 1926." --T.p. verso. |
| 500 ## - GENERAL NOTE | |
| General note | Thie edition is based on digitized images kindly provided by Mr. David Malick. |
| 504 ## - BIBLIOGRAPHY, ETC. NOTE | |
| Bibliography, etc | Includes bibliographical references ( p. 137-138) and index. |
| 650 #4 - SUBJECT ADDED ENTRY--TOPICAL TERM | |
| Topical term or geographic name as entry element | Nestorians. |
| 951 ## - EQUIVALENCE OR CROSS-REFERENCE-GEOGRAPHIC NAME/AREA NAME [OBSOLETE] [CAN/MARC only] | |
| General subdivision | 00035943 |
| 700 1# - ADDED ENTRY--PERSONAL NAME | |
| Personal name | Lamsa, George Mamishisho, |
| Dates associated with a name | 1893- |
| 951 ## - EQUIVALENCE OR CROSS-REFERENCE-GEOGRAPHIC NAME/AREA NAME [OBSOLETE] [CAN/MARC only] | |
| -- | 31559 |
| -- | REFBX153/Em4o/2006 |
| -- | 080220144506171 |
| -- | 2000-12-21 |
| -- | REF |
| Withdrawn status | Lost status | Damaged status | Not for loan | Home library | Current library | Shelving location | Date acquired | Accession number | Shelving control number | Total Checkouts | Full call number | Barcode | Date last seen | Price effective from | Koha item type |
|---|---|---|---|---|---|---|---|---|---|---|---|---|---|---|---|
| BSOP Library | BSOP Library | Reference | 12/21/2000 | 31559 | 127 | REFBX153/Em4o/2006 | 00035943 | 02/23/2013 | 02/23/2013 | Books |
